El nacimiento de Grecia

Tallennettuna:
Bibliografiset tiedot
Päätekijät: Picazo, M (Tekijä), Fernández, F.J (Tekijä), Melero, A (Tekijä), Tsiolis, V (Tekijä)
Aineistotyyppi: Kirja
Kieli:espanja
Julkaistu: Madrid, España Alianza 2000
Sarja:Historia de la Humanidad, 7
Aiheet:
Tagit: Lisää tagi
Ei tageja, Lisää ensimmäinen tagi!

MARC

LEADER 00000nam a2200000 a 4500
001 UCG2724
003 CL-VaPUC
005 20211020074457.0
008 100723e20000000SP |||||||||||||||||spa|d
999 |c 341850  |d 341848 
020 |a 8495503026 
040 |c Pontificia Universidad Católica de Valparaíso 
082 0 4 |a 909 PIC 2000  |2 21 
100 0 |a Picazo, M  |e author  |9 551295 
245 1 3 |a El nacimiento de Grecia 
260 |a Madrid, España  |b Alianza  |c 2000 
300 |a volumen 7 
490 0 |a Historia de la Humanidad,  |v  7 
583 |a last modification  |c 20130327 12:44:16  |k Rodrigo Vera 
650 0 |a Civilizaciones antiguas  |9 265998 
650 0 |a Historia antigua  |9 267521 
650 0 |a Historia universal  |9 266877 
651 0 |a Grecia  |9 265314 
700 0 |a Fernández, F.J  |e author  |9 551296 
700 0 |a Melero, A  |e author  |9 551297 
700 0 |a Tsiolis, V  |e author  |9 551298 
942 |c BK  |2 ddc 
945 |d 20100723 00:00:00  |a mfarfan 
952 |0 0  |1 0  |2 ddc  |4 0  |6 909_000000000000000_PIC_2000  |7 0  |8 A  |9 437636  |a BIBHIS  |b BIBHIS  |d 2019-11-22  |i 4696123  |l 1  |o 909 PIC 2000  |p 4696123  |r 2025-01-20  |s 2022-03-21  |t 1  |w 2019-11-22  |y BK  |k HIS